000 01157nam a2200277 a 4500
003 BLK
005 20240103101625.0
008 221216b bu |||||r|||| 00| | bu d
020 _a9789543994380
040 _aBLK
041 _aBUL
_cBUL
080 _aАмериканска литература (на САЩ)
_b821.111(73)
_x-312.4
_z821.111(73)-312.4
100 _91299
_aГарднър, Лиса
_eпърви автор
139 _aГарднър, Лиса
245 _aНамери я
_bРоман
_c Лиса Гарднър ; прев. от англ. Цветана Генчева
260 _9390568
_aСофия
_bСББ Медиа
_c2022
300 _a348 с.
_c 20 см
380 _aX
500 _aОриг. загл.: Find her / Lisa Gardner Кн. от поредицата Детектив Д. Д. Уорън Кн. се разпространява с изд. на SBB Media
700 _9364265
_aГенчева, Цветана Тодорова
_eпрев.
852 _aЦб 321098
_bЦб
856 _i0.00
_ldisable
942 _cKNG
_n0
_s1
944 _cНора Радева
_k30545
_lНора Радева
999 _c499743
_d499743
999 _d499743